Délmagyarország. - 1980. április 10., Csütörtök

Elmentve itt :
Bibliográfiai részletek
Dokumentumtípus: Újság
Megjelent: 1980-04-10
Sorozat:Délmagyarország 70 No. 83
Online Access:http://dmarchiv.bibl.u-szeged.hu/21084
LEADER 00494nas a2200145 i 4500
001 delm21084
005 20200415080211.0
008 171218s1980 hu n o 0|| hun d
022 |a 0133-025X 
040 |a SZTE Délmagyarország Archívum  |b hun 
041 |a hun 
245 0 0 |a Délmagyarország. - 1980. április 10., Csütörtök  |h [elektronikus dokumentum] 
260 |c 1980-04-10 
490 0 |a Délmagyarország  |v 70 No. 83 
856 4 0 |u http://dmarchiv.bibl.u-szeged.hu/21084/1/dm_1980_083.pdf  |z Dokumentum-elérés